عرض عادي
عرض مارك
- السلفي، حمدي عبد المجيد
مدخل إسم شخص
001 - رقم الضبط
- حقل الضبط: 96716
003 - معرف رقم الضبط
- حقل الضبط: OSt
005 - تاريخ ووقت أخر عملية
- حقل الضبط: 20220809124450.0
008 - عناصر بيانات ثابتة الطول
- حقل تحكم ثابت الطول: 220809|| aca||aabn | a|a d
040 ## - مصدر الفهرسة
- هيئة الفهرسة الأصلية: OSt
- وكالة الكتابة: OSt
100 ## - مدخل -- أسم شخص
- إسم شخص: السلفي، حمدي عبد المجيد
670 ## - بيانات المصدر موجوده
- الاستشهاد بالمصدر: Work cat.: (OSt): الطبراني، سليمان بن أحمد بن أيوب، 260-360 هـ) 5155, المعجم الكبير /, 1403-1397 = 1983-1977
